European Dynasties - Statistics

General Stats
  • This quiz has been taken 265 times
  • The average score is 25 of 53
Answer Stats
Hint Answer % Correct
Spain Habsburg
87%
Portugal Habsburg
87%
Austria Habsburg
87%
Hungary Habsburg
87%
Czechia Habsburg
87%
UK Windsor
84%
England Tudor
83%
France Bourbon
81%
Spain Bourbon
81%
Russia Romanov
80%
England York
72%
England Lancaster
71%
Poland Anjou
68%
England Anjou
68%
Hungary Anjou
68%
England Stuart
68%
France Capet
66%
France Bonaparte
61%
UK Hanover
61%
England Plantagenet
59%
France Valois
59%
France Carolingian
56%
Russia Rurik
56%
England Normandy
54%
Poland Vasa
53%
Sweden Vasa
53%
Poland Jagiellon
47%
Hungary Jagiellon
47%
Czechia Jagiellon
47%
Poland Piast
47%
France Merovingian
43%
Spain Trastamara
43%
England Wessex
43%
Sweden Bernadotte
38%
Poland Wettin
38%
Hungary Luxembourg
36%
Czechia Luxembourg
36%
Portugal Braganza
35%
Hungary Arpad
33%
Czechia Wittelsbach
29%
Czechia Premyslid
25%
England Denmark
24%
Portugal Burgundy
22%
Hungary Hunyadi
19%
Austria Babenberg
18%
Sweden Holstein-Gottorp
10%
Hungary Zápolya
6%
Sweden Munso
5%
Sweden Palatinate-Zweibrucken
4%
Sweden Svenker and Eric
4%
Portugal Awiz
3%
Sweden Stenkil
3%
Sweden Bjelbo
2%
No matching quizzes found
Score Distribution
Percent of People with Each Score
Percentile by Number Answered
Your Score History
You have not taken this quiz